| 000 | 00884nam0a22002891 4500 | ||
|---|---|---|---|
| 001 | RU\NLR\INFOCOMM\LIB1\10757 | ||
| 005 | 20250617205814.0 | ||
| 010 |
_bnid. _92000экз. |
||
| 035 | _a(NLR Aleph) 004321802 | ||
| 090 |
_a2873778 _c2873778 |
||
| 100 | _a20011101d1984 |||y0rusy50 ca | ||
| 101 | 1 |
_afin _cest |
|
| 102 | _aRU | ||
| 105 | _aa ||||000ay | ||
| 200 | 1 |
_aEestiläisiä ruokia _fSilvia Kalvik _g[suom. A. Nikiforova ja E.Noot] |
|
| 210 |
_aTallinn _cPerioodika _d1984 |
||
| 215 |
_a80с. _cил. _d20 см |
||
| 300 | _aВ вып. дан.:Эстонская кухня/Сильвия Кальвик | ||
| 700 | 1 |
_aKalvik _bS. _gSilvia _4070 |
|
| 702 | 1 |
_aNikiforova _bA. _4730 |
|
| 702 | 1 |
_aNoot _bE. _gEllen _4730 |
|
| 801 | 1 |
_aRU _bInfoComm _c20011101 |
|
| 801 | 0 |
_aRU _bNLR _gPSBO _c19850111 |
|
| 852 |
_aNLR _bН _jФин/2-8701 |
||
| 942 | _cBOOK | ||
| 980 | _aNB | ||